Ciencia útil : investigación básica y aplicada en farmacia y ciencias de la vida durante el franquismo /
Gorde:
| Beste egile batzuk: | , |
|---|---|
| Formatua: | Baliabide elektronikoa eBook |
| Hizkuntza: | gaztelania |
| Argitaratua: |
Madrid :
Ediciones Complutense,
[2019]
|
| Edizioa: | Primera edición. |
| Saila: | Serie investigación (Ediciones Complutense)
|
| Gaiak: | |
| Sarrera elektronikoa: | Digitalia Hispánica |
| Etiketak: |
Etiketa erantsi
Etiketarik gabe, Izan zaitez lehena erregistro honi etiketa jartzen!
|
MARC
| LEADER | 00000nam a2200000Ii 4500 | ||
|---|---|---|---|
| 001 | DIGCOMPLT0013 | ||
| 003 | NyNyDIG | ||
| 006 | m o d | ||
| 007 | cr ||||||||||| | ||
| 008 | 230413s2019 sp o 000 0 spa d | ||
| 035 | |a (OCoLC)1129098852 | ||
| 040 | |a DGITA |b eng |e rda |e pn |c DGITA | ||
| 020 | |a 9788466936316 |q pdf | ||
| 020 | |z 9788466936309 | ||
| 043 | |a e-sp--- | ||
| 050 | 1 | 4 | |a QH320.S7 ebook |
| 245 | 0 | 0 | |a Ciencia útil : |b investigación básica y aplicada en farmacia y ciencias de la vida durante el franquismo / |c Antonio González Bueno y Alfredo Baratas (eds.). |
| 250 | |a Primera edición. | ||
| 264 | 1 | |a Madrid : |b Ediciones Complutense, |c [2019] | |
| 300 | |a 1 online resource : |b illustrations. | ||
| 336 | |a text |b txt |2 rdacontent | ||
| 337 | |a computer |b c |2 rdamedia | ||
| 338 | |a online resource |b cr |2 rdacarrier | ||
| 347 | |a text file |2 rdaft | ||
| 347 | |b PDF | ||
| 490 | 1 | |a Serie Investigación | |
| 588 | 0 | |a Online resource; title from PDF title page (Digitalia, viewed April 13, 2023) | |
| 650 | 0 | |a Life sciences |x Research |z Spain |x History. | |
| 650 | 0 | |a Drugs |x Research |z Spain |x History. | |
| 650 | 0 | |a Research |z Spain |x History. | |
| 700 | 1 | |a González Bueno, Antonio, |e editor. | |
| 700 | 1 | |a Baratas, Alfredo, |e editor. | |
| 791 | 2 | |a Digitalia (Firm), |e distributor. | |
| 793 | 0 | |g Digitalia eBook Collection: |a Ediciones Complutense | |
| 776 | 0 | 8 | |i Print version: |t Ciencia útil. |b Primera edición. |d Madrid : Ediciones Complutense, [2019] |z 9788466936309 |
| 830 | 0 | |a Serie investigación (Ediciones Complutense) | |
| 856 | 4 | 0 | |3 Digitalia Hispánica |u https://digitalia.unach.elogim.com/a/125649/ |
| 910 | |a Premium collection: 2023 | ||